<?xml version="1.0" encoding="UTF-8"?>
<record
    xmlns:xsi="http://www.w3.org/2001/XMLSchema-instance"
    xsi:schemaLocation="http://www.loc.gov/MARC21/slim http://www.loc.gov/standards/marcxml/schema/MARC21slim.xsd"
    xmlns="http://www.loc.gov/MARC21/slim">

  <leader>00382    a2200121   4500</leader>
  <controlfield tag="001">ART_54844</controlfield>
  <controlfield tag="005">20260410161634.0</controlfield>
  <controlfield tag="008">260409a                                 </controlfield>
  <datafield tag="245" ind1="1" ind2="0">
    <subfield code="a">Contabilidad social y ambiental: educaci&#xF3;n ambiental y cambio clim&#xE1;tico</subfield>
  </datafield>
  <datafield tag="100" ind1="1" ind2=" ">
    <subfield code="a">Geba, Norma Beatriz</subfield>
  </datafield>
  <datafield tag="700" ind1="1" ind2=" ">
    <subfield code="a">Bifaretti, Marcela Claudia</subfield>
  </datafield>
  <datafield tag="773" ind1="0" ind2=" ">
    <subfield code="t">Enfoques</subfield>
    <subfield code="g">- N&#xB0;10 (oct. 2021)</subfield>
    <subfield code="w">REV416</subfield>
  </datafield>
  <datafield tag="999" ind1=" " ind2=" ">
    <subfield code="c">12696</subfield>
    <subfield code="d">12696</subfield>
  </datafield>
</record>
